000 00301nam a22001337a 4500
008 181107b xxu||||| |||| 00| 0 eng d
020 _a9780495007753
041 _aeng
080 _27th
_a159.9
100 _a49
101 _aPSI
245 _aCounseling Children
_cThompson, Ch. L
942 _2udc
_cBK
999 _c52146
_d52146